000 00971nam a22003017a 4500
003 CHAP
005 20220329134809.0
008 971013s1980 r 00010 d
010 _a26093
011 _a27065
035 _a31166
040 _cCHAP
082 _a631.4913
_bI5
110 _aInternational Rice Research Institute
_959779
245 _aPriorites for alleviating soil-related
260 _aLos Baños, Philippines :
_bInternational Rice Research Institute,
_c1980
300 _a468 p.
_b: ilus
590 _aBATCH-UPD
_b10
_c20130110
_lUCH01
_h1152
590 _aBATCH-UPD
_b10
_c20130410
_lUCH01
_h0735
590 _aBATCH-UPD
_b10
_c20130914
_lUCH01
_h0128
590 _aCONVERSION
_b10
_c20130109
_lUCH01
_h1315
650 1 4 _aAlimentos
_xTrópicos.
_94297
650 1 4 _aSuelos agrícolas.
_9110531
650 1 4 _aSuelos tropicales.
_9110563
901 _aBK
942 _cLIBRO
949 _a631.4913 I5
_bBC
_cLIBRO
_d33724000080073
_eLIBRO
_h59901
_i31166
_mD
_si
999 _c26093
_d26093